[Event "Junior Online 4NCL Division 4"]
[Site "online"]
[Date "2021.10.14"]
[EventDate "2021.10.14"]
[Round "5.64"]
[White "Chandrasekar, Neel"]
[WhiteElo "1230"]
[WhiteTeam "Chess Challengers C"]
[Black "Reci, Stilianos"]
[BlackElo "1270"]
[BlackTeam "Wanstead Warriors 2"]
[Result "1-0"]
[PlyCount "77"]

1. d4 d5 2. c4 e6 3. Nc3 Nc6 4. Bf4 Bd6 5. Bxd6 Qxd6 6. e3 Nf6 7. Nf3 O-O 8. c5 Qd8 9. Bd3 Re8 10. O-O e5 11. Re1 e4 12. Bxe4 dxe4 13. Nd2 Bg4 14. Qc2 Bf5 15. a3 b6 16. b4 bxc5 17. bxc5 Rb8 18. Rab1 Rxb1 19. Rxb1 h6 20. h3 Ne7 21. Rb7 Qa8 22. Qb3 Ned5 23. Nxd5 Nxd5 24. Qxd5 Be6 25. Qc6 Bd5 26. Qxd5 a5 27. Qb3 Qa6 28. Qb5 Qe6 29. Rb8 Rxb8 30. Qxb8+ Kh7 31. Qxc7 Qa2 32. Qxa5 f5 33. c6 Qa1+ 34. Nf1 f4 35. c7 Qc1 36. Qf5+ Kg8 37. c8=R+ Qxc8 38. Qxc8+ Kh7 39. exf4 1-0

[Event "Junior Online 4NCL Division 4"]
[Site "online"]
[Date "2021.10.14"]
[EventDate "2021.10.14"]
[Round "5.65"]
[White "Pyla, Akhil"]
[WhiteElo "1320"]
[WhiteTeam "Chess Challengers C"]
[Black "Bedi, Adarsh"]
[BlackElo "1365"]
[BlackTeam "Wanstead Warriors 2"]
[Result "0-1"]
[PlyCount "120"]

1. e4 c5 2. Nf3 d6 3. d4 cxd4 4. Nxd4 a6 5. Nc3 e5 6. Nf3 Nc6 7. Bc4 h6 8. O-O Nf6 9. Nd5 Nxe4 10. Re1 Nf6 11. Nxf6+ Qxf6 12. Bb3 Bg4 13. Bd5 Nd4 14. Qd3 Nxf3+ 15. Bxf3 Bxf3 16. Qxf3 Qxf3 17. gxf3 Be7 18. f4 Bf6 19. fxe5 dxe5 20. Bf4 O-O 21. Bxe5 Bxe5 22. Rxe5 Rae8 23. Rxe8 Rxe8 24. Kf1 Kh7 25. Rd1 Re7 26. Rd3 Kg6 27. Kg2 f5 28. Rg3+ Kf6 29. Re3 Rxe3 30. fxe3 Ke5 31. Kf3 g5 32. h3 h5 33. c4 g4+ 34. hxg4 hxg4+ 35. Kf2 Kd6 36. Kg3 Ke5 37. b3 b6 38. a4 Ke4 39. b4 Kxe3 40. c5 bxc5 41. bxc5 f4+ 42. Kxg4 f3 43. c6 f2 44. c7 f1=Q 45. c8=Q Qg2+ 46. Kf5 Qh3+ 47. Ke5 Qxc8 48. Kd5 Qc7 49. a5 Qxa5+ 50. Kc6 Qb5+ 51. Kc7 a5 52. Kd6 a4 53. Ke7 a3 54. Kf6 a2 55. Kg7 a1=Q+ 56. Kf8 Qd4 57. Kf7 Qf5+ 58. Ke7 Qde5+ 59. Kd8 Qd6+ 60. Ke8 Qff8# 0-1

[Event "Junior Online 4NCL Division 4"]
[Site "online"]
[Date "2021.10.14"]
[EventDate "2021.10.14"]
[Round "5.66"]
[White "Mukherjee, Aradhya"]
[WhiteElo "1337"]
[WhiteTeam "Wanstead Warriors 2"]
[Black "Jha, Aarush"]
[BlackElo "1311"]
[BlackTeam "Chess Challengers C"]
[Result "1-0"]
[PlyCount "61"]

1. d4 e5 2. e4 exd4 3. c3 dxc3 4. Bc4 cxb2 5. Bxb2 Nc6 6. Nf3 f6 7. Qd5 Qe7 8. Ba3 d6 9. Nc3 Ne5 10. Nxe5 fxe5 11. O-O Nf6 12. Qd3 Be6 13. Bxe6 Qxe6 14. Nb5 Qc8 15. Rac1 c5 16. Nxd6+ Bxd6 17. Qxd6 Qc6 18. Qxe5+ Kf7 19. Rxc5 Qe8 20. Rc7+ Kg8 21. Qxe8+ Rxe8 22. f3 Rb8 23. Rd1 h6 24. e5 Ne8 25. Re7 Kh7 26. Rdd7 b5 27. e6 Nf6 28. Bb2 Kg6 29. Rxg7+ Kf5 30. g4+ Kxe6 31. Rge7# 1-0

[Event "Junior Online 4NCL Division 4"]
[Site "online"]
[Date "2021.10.14"]
[EventDate "2021.10.14"]
[Round "5.67"]
[White "Rajaram, Dilip"]
[WhiteElo "1206"]
[WhiteTeam "Chess Challengers C"]
[Black "Ali, Zaki"]
[BlackElo "1268"]
[BlackTeam "Wanstead Warriors 2"]
[Result "1-0"]
[PlyCount "21"]

1. e4 c5 2. Nf3 d6 3. d4 cxd4 4. Nxd4 e5 5. Nf3 Nf6 6. Bc4 Nxe4 7. Qd5 Be6 8. Qxe4 Bxc4 9. Qxc4 Nc6 10. Ng5 f6 11. Qf7# 1-0

[Event "Junior Online 4NCL Division 4"]
[Site "online"]
[Date "2021.10.14"]
[EventDate "2021.10.14"]
[Round "5.68"]
[White "Reci, Stilianos"]
[WhiteElo "1270"]
[WhiteTeam "Wanstead Warriors 2"]
[Black "Chandrasekar, Neel"]
[BlackElo "1230"]
[BlackTeam "Chess Challengers C"]
[Result "0-1"]
[PlyCount "48"]

1. e4 c5 2. Nf3 Nc6 3. Bc4 b6 4. c3 e5 5. d4 exd4 6. cxd4 cxd4 7. Nxd4 Bb7 8. O-O Bc5 9. Be3 Nge7 10. Nc3 O-O 11. Re1 Ng6 12. Bd3 Bxd4 13. Bxd4 Nxd4 14. e5 Ne6 15. h3 Nef4 16. Bc2 Nxg2 17. Qg4 Nxe1 18. Rxe1 d6 19. exd6 Qxd6 20. Rd1 Qe6 21. Bxg6 Qxg4+ 22. hxg4 fxg6 23. Rd6 Rad8 24. Re6 Rfe8 0-1

[Event "Junior Online 4NCL Division 4"]
[Site "online"]
[Date "2021.10.14"]
[EventDate "2021.10.14"]
[Round "5.71"]
[White "Mahadevan, Rohit"]
[WhiteElo "1180"]
[WhiteTeam "Wolfpack Juniors"]
[Black "Xue, Max"]
[BlackElo "1250"]
[BlackTeam "London Dragons Dysprosium"]
[Result "0-1"]
[PlyCount "62"]

1. d4 e5 2. dxe5 Nc6 3. Nf3 Bc5 4. e3 Qe7 5. Bd2 Nxe5 6. Nxe5 Qxe5 7. Bc3 Qg5 8. g3 d5 9. Bg2 Be6 10. O-O Nf6 11. Bxf6 Qxf6 12. Bxd5 Rd8 13. e4 c6 14. Bxc6+ bxc6 15. Qe2 O-O 16. Nc3 Rfe8 17. Na4 Bb6 18. Nxb6 axb6 19. c3 Bd5 20. f3 Qh6 21. Qc2 Be6 22. Rad1 Bh3 23. Rxd8 Rxd8 24. Rf2 Qd6 25. Rg2 Bxg2 26. Qxg2 Qd1+ 27. Kf2 Rd2+ 28. Ke3 Rxg2 29. Kf4 Rf2 30. Kg4 Qxf3+ 31. Kh3 Qh5# 0-1

[Event "Junior Online 4NCL Division 4"]
[Site "online"]
[Date "2021.10.14"]
[EventDate "2021.10.14"]
[Round "5.72"]
[White "Wang, Hantin"]
[WhiteElo "1270"]
[WhiteTeam "London Dragons Dysprosium"]
[Black "Mahadevan, Meikum"]
[BlackElo "1113"]
[BlackTeam "Wolfpack Juniors"]
[Result "0-1"]
[PlyCount "64"]

1. d4 Nf6 2. c4 g6 3. Nc3 d6 4. Nf3 Bg7 5. g3 O-O 6. Bg2 Bf5 7. O-O Nc6 8. a3 a6 9. d5 Na5 10. Nd2 b6 11. b4 Nb7 12. Nf3 Ne4 13. Bd2 Nxc3 14. Bxc3 Bxc3 15. Rc1 Bg7 16. Re1 Bb2 17. Ra1 Bxa1 18. Qxa1 Rb8 19. Nd4 Bd7 20. e4 c5 21. dxc6 e5 22. cxd7 exd4 23. Qxd4 Qxd7 24. e5 Rbd8 25. Rd1 Rc8 26. Bxb7 Qxb7 27. exd6 Rcd8 28. Re1 b5 29. Re7 Qa8 30. c5 Rfe8 31. Rxe8+ Rxe8 32. d7 Re1# 0-1

[Event "Junior Online 4NCL Division 4"]
[Site "online"]
[Date "2021.10.14"]
[EventDate "2021.10.14"]
[Round "5.73"]
[White "Smith, Henry"]
[WhiteElo "1015"]
[WhiteTeam "Wolfpack Juniors"]
[Black "Song, Ruien"]
[BlackElo "1230"]
[BlackTeam "London Dragons Dysprosium"]
[Result "1-0"]
[PlyCount "139"]

1. d4 d5 2. c4 e6 3. Nf3 Nf6 4. Bg5 h6 5. Bh4 Be7 6. Nc3 O-O 7. e3 Re8 8. Bd3 b6 9. Qc2 Bb7 10. O-O-O c5 11. Rhg1 a5 12. cxd5 exd5 13. dxc5 Bxc5 14. Bb5 Re6 15. Bxf6 Rxf6 16. Qb3 Rd6 17. Nd4 Qc7 18. Kb1 Bxd4 19. Rxd4 Nc6 20. Rxd5 Rxd5 21. Nxd5 Qd6 22. Nxb6 Qxh2 23. Rc1 Rd8 24. Bxc6 Bxc6 25. Rxc6 Qg1+ 26. Rc1 Qxg2 27. a3 Qxf2 28. Rc7 g5 29. Nc4 Qf1+ 30. Ka2 Rd1 31. Qb8+ Kg7 32. Ne5 Ra1+ 33. Kb3 Qd1+ 34. Rc2 Qd5+ 35. Nc4 Qd3+ 36. Rc3 Qd1+ 37. Rc2 Rxa3+ 38. Nxa3 Qd3+ 39. Ka2 g4 40. Qg3 h5 41. Rh2 Qd5+ 42. b3 a4 43. e4 Qxe4 44. bxa4 Qd5+ 45. Qb3 Qxb3+ 46. Kxb3 g3 47. Rxh5 Kg6 48. Rh1 Kg5 49. Rg1 Kg4 50. a5 Kf3 51. a6 Kf2 52. Ra1 g2 53. a7 g1=Q 54. Rxg1 Kxg1 55. a8=Q f5 56. Qf8 f4 57. Qxf4 Kg2 58. Kc3 Kh3 59. Kd3 Kg2 60. Ke2 Kg1 61. Qg3+ Kh1 62. Qe1+ Kg2 63. Qf1+ Kg3 64. Ke3 Kg4 65. Qf4+ Kh5 66. Qg3 Kh6 67. Kf4 Kh7 68. Kf5 Kh8 69. Kf6 Kh7 70. Qg7# 1-0

[Event "Junior Online 4NCL Division 4"]
[Site "online"]
[Date "2021.10.14"]
[EventDate "2021.10.14"]
[Round "5.74"]
[White "Pan, Ailun"]
[WhiteElo "1220"]
[WhiteTeam "London Dragons Dysprosium"]
[Black "Marsden, Rupert"]
[BlackElo "1042"]
[BlackTeam "Wolfpack Juniors"]
[Result "1-0"]
[PlyCount "111"]

1. e4 c6 2. d4 d5 3. exd5 cxd5 4. Nf3 Nf6 5. Bd3 Nc6 6. O-O Bg4 7. c3 e6 8. h3 Bh5 9. Bg5 Be7 10. Nbd2 h6 11. Bxf6 Bxf6 12. Bb5 Qb6 13. Bxc6+ Qxc6 14. g4 Bg6 15. Rc1 O-O 16. a3 Rfe8 17. Nb3 b6 18. Re1 Be4 19. Nbd2 Bxf3 20. Nxf3 Qc7 21. Ne5 Bg5 22. Rc2 f6 23. Nf3 Bf4 24. c4 dxc4 25. b3 c3 26. Qd3 Rad8 27. Rxc3 Qb7 28. Qe4 Qxe4 29. Rxe4 Bd6 30. a4 e5 31. dxe5 Bxe5 32. Nxe5 fxe5 33. Rc7 a5 34. Rb7 Rd6 35. f4 Rd1+ 36. Kf2 Rd2+ 37. Ke3 Rh2 38. Rxb6 Rxh3+ 39. Kf2 Kf7 40. Rb5 exf4 41. Rxf4+ Kg8 42. Rf3 Rh2+ 43. Kg3 Rh1 44. Rxa5 Rb8 45. Rb5 Ra8 46. a5 Ra1 47. b4 Kh7 48. Rf7 Ra3+ 49. Kh4 Kg6 50. Rbb7 Rg8 51. Rfc7 Rd8 52. Rxg7+ Kf6 53. Rgf7+ Kg6 54. Rfd7 Re8 55. Rb6+ Re6 56. Rxe6# 1-0

[Event "Junior Online 4NCL Division 4"]
[Site "online"]
[Date "2021.10.14"]
[EventDate "2021.10.14"]
[Round "5.75"]
[White "Xue, Max"]
[WhiteElo "1250"]
[WhiteTeam "London Dragons Dysprosium"]
[Black "Mahadevan, Rohit"]
[BlackElo "1180"]
[BlackTeam "Wolfpack Juniors"]
[Result "0-1"]
[PlyCount "64"]

1. e4 e5 2. Nc3 Nc6 3. Bc4 d6 4. d3 Nf6 5. f4 Bg4 6. Nge2 Nd4 7. h3 Nxe2 8. Nxe2 Bxe2 9. Qxe2 Be7 10. O-O O-O 11. f5 d5 12. exd5 Nxd5 13. Bb3 Bc5+ 14. Kh1 Re8 15. Qe4 Nf6 16. Qc4 Qe7 17. Bg5 b6 18. Rae1 h6 19. Bh4 Bb4 20. c3 Bd6 21. d4 Qf8 22. Bxf6 gxf6 23. dxe5 Rxe5 24. Qg4+ Qg7 25. Qh5 Rae8 26. Rxe5 Bxe5 27. Re1 Re7 28. Re4 Kf8 29. Rg4 Qh7 30. Rh4 Bg3 31. Qxh6+ Qxh6 32. Rxh6 Re1# 0-1

[Event "Junior Online 4NCL Division 4"]
[Site "online"]
[Date "2021.10.14"]
[EventDate "2021.10.14"]
[Round "5.76"]
[White "Mahadevan, Meikum"]
[WhiteElo "1113"]
[WhiteTeam "Wolfpack Juniors"]
[Black "Wang, Hantin"]
[BlackElo "1270"]
[BlackTeam "London Dragons Dysprosium"]
[Result "1-0"]
[PlyCount "124"]

1. d4 f5 2. Bf4 Nf6 3. e3 g6 4. Nf3 Bg7 5. c3 O-O 6. Nbd2 d6 7. Be2 Nbd7 8. Qb3+ Kh8 9. Ng5 Qe8 10. Ne6 Rf7 11. Nxc7 Qd8 12. Nxa8 Rf8 13. Nf3 h6 14. h3 b6 15. Qc4 Ne8 16. Qa4 a5 17. Bb5 Ndf6 18. O-O Bb7 19. Nxb6 Qxb6 20. Bxe8 Rxe8 21. b4 axb4 22. Qxb4 Qa7 23. Rab1 Be4 24. Ra1 Rb8 25. Qc4 Bd5 26. Qe2 Qc7 27. Qd2 Ne4 28. Qc2 Bc4 29. Rfb1 Rc8 30. Rc1 Qa5 31. Nd2 Ba6 32. Nxe4 fxe4 33. Qxe4 Rc7 34. Qc2 Kh7 35. Rab1 Bc4 36. Ra1 Qa6 37. Bg3 Bd3 38. Qd2 Qc4 39. Rd1 Be2 40. Re1 Bd3 41. Rec1 Bf5 42. a4 Bc8 43. a5 Ba6 44. Qc2 Rb7 45. Ra4 Qc6 46. Raa1 Qc4 47. f4 Rb5 48. Bh4 Rb7 49. f5 Qd3 50. Qxd3 Bxd3 51. fxg6+ Bxg6 52. Bf2 Ra7 53. d5 Rc7 54. a6 Ra7 55. e4 Be5 56. Bxa7 Bxe4 57. Bf2 Bxd5 58. a7 Ba8 59. Rcb1 Bxc3 60. Ra2 Bd5 61. a8=Q Bxa8 62. Rxa8 Bg7 1-0

[Event "Junior Online 4NCL Division 4"]
[Site "online"]
[Date "2021.10.14"]
[EventDate "2021.10.14"]
[Round "5.77"]
[White "Song, Ruien"]
[WhiteElo "1230"]
[WhiteTeam "London Dragons Dysprosium"]
[Black "Smith, Henry"]
[BlackElo "1015"]
[BlackTeam "Wolfpack Juniors"]
[Result "0-1"]
[PlyCount "80"]

1. e4 c6 2. d4 d5 3. Nc3 dxe4 4. Nxe4 Bf5 5. Ng3 Bg6 6. Nf3 e6 7. Ne5 Nf6 8. Nxg6 hxg6 9. Bg5 Nbd7 10. Ne4 Be7 11. Bxf6 Nxf6 12. Nxf6+ Bxf6 13. Qe2 Qxd4 14. c3 Qb6 15. O-O-O Kf8 16. h4 Rxh4 17. Rxh4 Bxh4 18. g3 Bf6 19. Kb1 Kg8 20. f4 Bxc3 21. g4 Bf6 22. g5 Be7 23. Bh3 Rd8 24. Rxd8+ Bxd8 25. Qe4 Bc7 26. Bxe6 fxe6 27. Qxe6+ Kh7 28. f5 Qg1+ 29. Kc2 Qxg5 30. fxg6+ Qxg6+ 31. Qxg6+ Kxg6 32. Kd2 Kf5 33. Ke3 g5 34. Kf3 g4+ 35. Kg2 Kf4 36. Kf2 Bb6+ 37. Kg2 g3 38. Kf1 Kf3 39. Ke1 Kg2 40. Ke2 Kg1 0-1

[Event "Junior Online 4NCL Division 4"]
[Site "online"]
[Date "2021.10.14"]
[EventDate "2021.10.14"]
[Round "5.78"]
[White "Marsden, Rupert"]
[WhiteElo "1042"]
[WhiteTeam "Wolfpack Juniors"]
[Black "Pan, Ailun"]
[BlackElo "1220"]
[BlackTeam "London Dragons Dysprosium"]
[Result "1/2-1/2"]
[PlyCount "50"]

1. d4 d5 2. Bf4 Bf5 3. Nf3 Nc6 4. e3 a6 5. c3 Nf6 6. Nbd2 e6 7. c4 dxc4 8. Bxc4 Bb4 9. Qb3 Bxd2+ 10. Nxd2 b5 11. Be2 O-O 12. O-O Na5 13. Qa3 c6 14. Bf3 Rc8 15. b4 Nc4 16. Nxc4 bxc4 17. Qxa6 Be4 18. Qxc4 Bxf3 19. gxf3 Nd5 20. Bg3 Qg5 21. f4 Qg4 22. Kg2 h5 23. h3 Qg6 24. Kh2 Nb6 25. Qe2 Nd5 1/2-1/2

[Event "Junior Online 4NCL Division 4"]
[Site "online"]
[Date "2021.10.14"]
[EventDate "2021.10.14"]
[Round "5.81"]
[White "Nikolov, Alexander"]
[WhiteElo "1396"]
[WhiteTeam "Desert Penguins Neptune"]
[Black "Ragu, Sachin"]
[BlackElo "1281"]
[BlackTeam "Leeds Juniors 3"]
[Result "1-0"]
[PlyCount "119"]

1. d4 Nf6 2. c4 e6 3. Nf3 b6 4. Bg5 c5 5. e3 Bb7 6. Be2 Be7 7. O-O O-O 8. Nc3 d6 9. Bd3 Nbd7 10. e4 Rc8 11. d5 exd5 12. exd5 Ne5 13. Nxe5 dxe5 14. Re1 Nxd5 15. Bxe7 Nxe7 16. Rxe5 Ng6 17. Re1 Qg5 18. Bf1 Nh4 19. f3 Nxf3+ 20. Kh1 Nxe1 21. Qxe1 Rfe8 22. Qf2 Re6 23. Rd1 Rf6 24. Qe2 Rh6 25. Rd7 Qh4 26. h3 Qxh3+ 27. Kg1 Qxd7 28. Nb5 Re8 29. Qf2 Re5 30. Qf4 Re8 31. Nc7 Qd4+ 32. Qxd4 cxd4 33. Nxe8 Kf8 34. Nc7 Rc6 35. Nb5 Re6 36. Nxd4 Re4 37. Nb5 a6 38. Nd6 Re7 39. b3 Rc7 40. Bd3 Ke7 41. Nf5+ Ke6 42. Nxg7+ Kf6 43. Ne8+ Ke7 44. Nxc7 Kd7 45. Nd5 Bxd5 46. cxd5 Kd6 47. Bxh7 Kxd5 48. Bg8 Kd4 49. Bxf7 Kc3 50. a4 Kb4 51. g4 b5 52. axb5 axb5 53. g5 Kc3 54. g6 b4 55. g7 Kc2 56. g8=Q Kd3 57. Qd8+ Kc2 58. Qd4 Kc1 59. Qd3 Kb2 60. Kf2 1-0

[Event "Junior Online 4NCL Division 4"]
[Site "online"]
[Date "2021.10.14"]
[EventDate "2021.10.14"]
[Round "5.82"]
[White "Xu, Sienna"]
[WhiteElo "1330"]
[WhiteTeam "Leeds Juniors 3"]
[Black "Turakulov, Farid"]
[BlackElo "1361"]
[BlackTeam "Desert Penguins Neptune"]
[Result "0-1"]
[PlyCount "68"]

1. e4 e5 2. Nf3 Nc6 3. d4 exd4 4. Nxd4 Nxd4 5. Qxd4 Nf6 6. Nc3 c5 7. Qd1 Bd6 8. Qxd6 Qa5 9. Qd1 O-O 10. Bf4 Re8 11. Bd3 c4 12. Bxc4 Nxe4 13. Bd2 d5 14. Bxd5 Nxc3+ 15. Be3 Nxd1+ 16. Kxd1 Qxd5+ 17. Bd2 Bg4+ 18. f3 Bf5 19. c3 Re7 20. Rc1 Rae8 21. c4 Qe6 22. Re1 Qxe1+ 23. Bxe1 Rxe1+ 24. Kd2 Rxc1 25. Kxc1 Re2 26. Kd1 Rxg2 27. c5 Rxh2 28. b4 Rxa2 29. Kc1 b6 30. c6 Rc2+ 31. Kd1 Rxc6 32. f4 Rc4 33. Ke2 Rxf4 34. Ke3 Rxb4 0-1

[Event "Junior Online 4NCL Division 4"]
[Site "online"]
[Date "2021.10.14"]
[EventDate "2021.10.14"]
[Round "5.83"]
[White "Donati Plutino, Francesco Rodolfo"]
[WhiteElo "1074"]
[WhiteTeam "Desert Penguins Neptune"]
[Black "Sasikumar, Srivathsan"]
[BlackElo "1249"]
[BlackTeam "Leeds Juniors 3"]
[Result "0-1"]
[PlyCount "110"]

1. d4 d5 2. c4 c6 3. Nc3 Nf6 4. Bf4 Bf5 5. Nf3 e6 6. e3 Bd6 7. a3 Bxf4 8. exf4 O-O 9. Be2 Nbd7 10. O-O Re8 11. b4 Rc8 12. Qd2 b6 13. Rfe1 c5 14. bxc5 bxc5 15. cxd5 exd5 16. Ba6 Rc6 17. Rxe8+ Qxe8 18. Bb5 Rb6 19. Re1 Re6 20. h3 cxd4 21. Na2 Rxe1+ 22. Nxe1 a6 23. Bc6 Qe6 24. Ba4 Nc5 25. Bd1 d3 26. Nf3 Nfe4 27. Qb4 h6 28. Kh2 Kh7 29. Nc1 f6 30. Nb3 Nxb3 31. Bxb3 Nxf2 32. Qd2 Ne4 33. Qxd3 Nc5 34. Qc3 Nxb3 35. Qxb3 Qe4 36. a4 Qxf4+ 37. Kh1 Be4 38. a5 Bxf3 39. gxf3 Qg3 40. Qd3+ g6 41. Qf1 h5 42. Qxa6 Qxh3+ 43. Kg1 Qg3+ 44. Kf1 Qxf3+ 45. Ke1 Qe3+ 46. Kf1 Qe5 47. Qb6 d4 48. Qb7+ Kh6 49. a6 d3 50. Qg2 Qa1+ 51. Kf2 d2 52. Qe4 d1=Q 53. Qe3+ g5 54. a7 Qg1+ 55. Ke2 Qad1# 0-1

[Event "Junior Online 4NCL Division 4"]
[Site "online"]
[Date "2021.10.14"]
[EventDate "2021.10.14"]
[Round "5.84"]
[White "Kumar, Rehan"]
[WhiteElo "1196"]
[WhiteTeam "Leeds Juniors 3"]
[Black "Mourat, Emil"]
[BlackElo "813"]
[BlackTeam "Desert Penguins Neptune"]
[Result "1/2-1/2"]
[PlyCount "150"]

1. e4 c5 2. Nf3 d6 3. d4 cxd4 4. Nxd4 a6 5. Nc3 e6 6. Be3 Be7 7. Be2 Nf6 8. f3 O-O 9. O-O Nbd7 10. a4 b6 11. Nc6 Qe8 12. Nb4 Bb7 13. Nd3 Rc8 14. Qd2 Qd8 15. Rac1 Ne8 16. b4 h6 17. b5 Bg5 18. Bxg5 Qxg5 19. Qxg5 hxg5 20. Nd1 Rc4 21. N3b2 Rc7 22. bxa6 Ba8 23. c4 Ra7 24. h3 Rxa6 25. c5 Ra7 26. cxb6 Nxb6 27. Bb5 Nc7 28. Rc6 Bxc6 29. Bxc6 Ra5 30. Nc3 Rb8 31. Bb5 Kh8 32. Rd1 Nxb5 33. Nxb5 Nxa4 34. Nxa4 Rbxb5 35. Nc3 Rc5 36. Ne2 Rc2 37. Nd4 Rc4 38. Nb3 Raa4 39. Nd2 Rcb4 40. Nf1 Rb3 41. Rxd6 Ra1 42. Rd2 Rbb1 43. Rf2 Kh7 44. g4 Kg6 45. Kg2 Kf6 46. Kg1 Ke5 47. Kg2 Kf4 48. Kg1 Ke5 49. Kg2 Kd4 50. Rd2+ Kc3 51. Rf2 Kb3 52. Nd2+ Kb2 53. Nxb1+ Kxb1 54. Rf1+ Kb2 55. Rxa1 Kxa1 56. Kf2 Kb2 57. Ke3 Kc3 58. f4 gxf4+ 59. Kxf4 Kd4 60. h4 e5+ 61. Kf5 g6+ 62. Kf6 Kxe4 63. Kxf7 Kf4 64. Kxg6 Kxg4 65. h5 e4 66. h6 e3 67. h7 e2 68. h8=Q e1=Q 69. Qh5+ Kf4 70. Qf5+ Ke3 71. Qg5+ Ke2 72. Qg4+ Kf1 73. Qf3+ Qf2 74. Qh3+ Qg2+ 75. Qxg2+ Kxg2 1/2-1/2

[Event "Junior Online 4NCL Division 4"]
[Site "online"]
[Date "2021.10.14"]
[EventDate "2021.10.14"]
[Round "5.85"]
[White "Ragu, Sachin"]
[WhiteElo "1281"]
[WhiteTeam "Leeds Juniors 3"]
[Black "Nikolov, Alexander"]
[BlackElo "1396"]
[BlackTeam "Desert Penguins Neptune"]
[Result "0-1"]
[PlyCount "118"]

1. e4 c5 2. Nf3 d6 3. d4 cxd4 4. Nxd4 Nf6 5. Nc3 a6 6. Bc4 e6 7. Be3 b5 8. Bb3 Bb7 9. f3 Nbd7 10. O-O Be7 11. a3 O-O 12. Qd3 Ne5 13. Qe2 Rc8 14. f4 Nc4 15. e5 dxe5 16. fxe5 Nxe5 17. Rad1 Qc7 18. Bf4 Bd6 19. Rfe1 Nc4 20. Bxd6 Nxd6 21. Rd3 Rfe8 22. Rg3 Nc4 23. Bxc4 Qxc4 24. Qe5 Kh8 25. Qg5 Qxd4+ 26. Kh1 Rg8 27. Rd1 Qf2 28. Qe5 Qxc2 29. h3 Qxb2 30. Rf1 Bxg2+ 31. Rxg2 Qxc3 32. Qd6 Qxh3+ 33. Kg1 Ne4 34. Qf4 Nf6 35. Qe5 Ng4 36. Qd4 Qe3+ 37. Qxe3 Nxe3 38. Re2 Nxf1 39. Kxf1 Rc1+ 40. Kf2 Rgc8 41. Rd2 R1c2 42. Rxc2 Rxc2+ 43. Ke3 Rc3+ 44. Kd2 Rxa3 45. Kc2 h5 46. Kb2 h4 47. Kxa3 h3 48. Kb4 h2 49. Ka5 h1=Q 50. Kxa6 g5 51. Ka5 g4 52. Kxb5 g3 53. Kc5 Qd5+ 54. Kb6 g2 55. Kc7 g1=Q 56. Kc8 Qgc5+ 57. Kb8 Qdd6+ 58. Ka8 Qc8+ 59. Ka7 Qda6# 0-1

[Event "Junior Online 4NCL Division 4"]
[Site "online"]
[Date "2021.10.14"]
[EventDate "2021.10.14"]
[Round "5.86"]
[White "Turakulov, Farid"]
[WhiteElo "1361"]
[WhiteTeam "Desert Penguins Neptune"]
[Black "Xu, Sienna"]
[BlackElo "1330"]
[BlackTeam "Leeds Juniors 3"]
[Result "0-1"]
[PlyCount "70"]

1. e4 e5 2. Nf3 Nc6 3. Nc3 Nf6 4. Bc4 Bc5 5. O-O O-O 6. d3 d6 7. Bg5 Bb6 8. Bxf6 Qxf6 9. Nd5 Qd8 10. g3 Bg4 11. Nxb6 axb6 12. Kg2 Nd4 13. Re1 Nxf3 14. Re3 Nh4+ 15. gxh4 Bxd1 16. Rxd1 Qxh4 17. Rh3 Qg4+ 18. Rg3 Qxd1 19. Bd5 Qxc2 20. Bxb7 Rxa2 21. Bd5 Rxb2 22. Bb7 Qxf2+ 23. Kh3 Qxh2+ 24. Kg4 h5+ 25. Kf3 f6 26. Bd5+ Kh7 27. Be6 g5 28. Bf5+ Kh6 29. Rh3 Qg1 30. Rg3 g4+ 31. Bxg4 hxg4+ 32. Kxg4 Qh2 33. Rh3+ Qxh3+ 34. Kxh3 Rg8 35. Kh4 Rh2# 0-1

[Event "Junior Online 4NCL Division 4"]
[Site "online"]
[Date "2021.10.14"]
[EventDate "2021.10.14"]
[Round "5.87"]
[White "Sasikumar, Srivathsan"]
[WhiteElo "1249"]
[WhiteTeam "Leeds Juniors 3"]
[Black "Donati Plutino, Francesco Rodolfo"]
[BlackElo "1074"]
[BlackTeam "Desert Penguins Neptune"]
[Result "1-0"]
[PlyCount "129"]

1. d4 d5 2. Bf4 Bf5 3. e3 Nc6 4. Bd3 Bxd3 5. Qxd3 e6 6. c3 Be7 7. Nf3 Nf6 8. O-O O-O 9. Nbd2 Qd7 10. Rfe1 h6 11. e4 dxe4 12. Nxe4 a6 13. Rad1 b5 14. b4 Rab8 15. Nc5 Qd5 16. Bxc7 Rbc8 17. Nxa6 Qxa2 18. Qxb5 Nd8 19. Ra1 Qb3 20. Bxd8 Rfxd8 21. Rab1 Qxc3 22. Nc5 Ra8 23. Rec1 Qa3 24. Qc4 Qa7 25. Ne5 Rdc8 26. Qf1 Nd5 27. Ra1 Qc7 28. Nxe6 Qb6 29. Nc5 Qxb4 30. Rxa8 Rxa8 31. Qd1 Qb5 32. Rb1 Qa5 33. Nc6 Qa3 34. Nxe7+ Kh8 35. Nxd5 Qa2 36. Ne3 Qa3 37. Nb3 Qd6 38. Ra1 Rxa1 39. Qxa1 Kh7 40. h3 Qb6 41. Nd2 Qb4 42. Qb1+ Qxb1+ 43. Nxb1 Kg8 44. Kh2 Kf8 45. Kg3 Ke7 46. Kf4 Ke6 47. Nc3 Kf6 48. Ng4+ Ke6 49. Ne5 Kd6 50. Ne4+ Kd5 51. Nxf7 Kxd4 52. g4 Kd3 53. f3 Ke2 54. Ng3+ Kf2 55. Nf5 Kg2 56. h4 Kh3 57. h5 g5+ 58. hxg6 Kg2 59. Nh4+ Kf2 60. g7 Ke2 61. g8=Q Kf2 62. Qe8 Kg1 63. Qe1+ Kh2 64. Qg3+ Kh1 65. Qg2# 1-0

[Event "Junior Online 4NCL Division 4"]
[Site "online"]
[Date "2021.10.14"]
[EventDate "2021.10.14"]
[Round "5.88"]
[White "Mourat, Emil"]
[WhiteElo "813"]
[WhiteTeam "Desert Penguins Neptune"]
[Black "Kumar, Rehan"]
[BlackElo "1196"]
[BlackTeam "Leeds Juniors 3"]
[Result "0-1"]
[PlyCount "90"]

1. d4 e5 2. c4 exd4 3. Nf3 Nc6 4. Bg5 Nf6 5. Nxd4 Bb4+ 6. Nc3 Bxc3+ 7. bxc3 Nxd4 8. Qxd4 O-O 9. Qg4 Nxg4 10. Bxd8 Rxd8 11. e3 Nf6 12. Bd3 Rf8 13. O-O d6 14. h3 Be6 15. f4 d5 16. c5 a6 17. Rf3 Bd7 18. a4 b5 19. a5 Ne4 20. Ra3 Nxc5 21. Bc2 Ne4 22. f5 Nd2 23. Rf2 Nc4 24. Ra2 Nxe3 25. Bb3 Nxf5 26. Bxd5 Rae8 27. Rae2 Rxe2 28. Rxe2 Ng3 29. Re7 Be6 30. Be4 Nxe4 31. Rxc7 h6 32. Rc6 Rc8 33. Rxa6 Rxc3 34. Ra8+ Kh7 35. a6 Bd5 36. Rb8 Ra3 37. Rb6 Ra1+ 38. Kh2 Bc4 39. h4 Ra2 40. Kh3 Be6+ 41. Kh2 Nf2 42. Kg3 Ne4+ 43. Kf3 Nc5 44. Rxb5 Nxa6 45. Rb6 Ra3+ 0-1

[Event "Junior Online 4NCL Division 4"]
[Site "online"]
[Date "2021.10.14"]
[EventDate "2021.10.14"]
[Round "5.91"]
[White "Ganeshbabu, Adarsharun"]
[WhiteElo "1681"]
[WhiteTeam "Crowthorne Juniors"]
[Black "Quillaud, Maxime"]
[BlackElo "1420"]
[BlackTeam "Desert Penguins Jupiter"]
[Result "1-0"]
[PlyCount "147"]

1. e4 c5 2. Nf3 d6 3. d4 cxd4 4. Nxd4 Nf6 5. Nc3 a6 6. g3 b5 7. Bg2 Bb7 8. a3 e6 9. O-O Be7 10. h3 O-O 11. Be3 Nbd7 12. Nde2 Qc7 13. g4 Nb6 14. b3 Rac8 15. Qd4 Nfd7 16. g5 Rfd8 17. Rad1 Qc5 18. Qxc5 dxc5 19. f4 Nb8 20. Rxd8+ Rxd8 21. Rd1 Rxd1+ 22. Nxd1 N8d7 23. h4 c4 24. b4 Na4 25. Nec3 Nxc3 26. Nxc3 Bd8 27. Kf2 Bb6 28. Bxb6 Nxb6 29. Ke3 Kf8 30. Kd4 Nd7 31. Bf1 Ke7 32. a4 Bc6 33. axb5 axb5 34. e5 f6 35. h5 fxg5 36. fxg5 Kf7 37. Bh3 Ke7 38. h6 g6 39. Ne4 Kd8 40. Nf6 Nxf6 41. exf6 Ke8 42. Bxe6 Bf3 43. Bg8 Kf8 44. Bxh7 Kf7 45. c3 Bc6 46. Kc5 Be8 47. Kd6 Kf8 48. Kc5 Kf7 49. Kb6 Bd7 50. Kc7 Be8 51. Kd8 Bc6 52. Bxg6+ Kxg6 53. Ke7 Bd5 54. Kd6 Bf7 55. Ke7 Bg8 56. f7 Bxf7 57. h7 Kxh7 58. Kxf7 Kh8 59. Kg6 Kg8 60. Kf6 Kh7 61. Ke5 Kg6 62. Kd5 Kxg5 63. Kc5 Kf6 64. Kxb5 Ke6 65. Kxc4 Kd6 66. b5 Kc7 67. Kc5 Kb7 68. b6 Kb8 69. Kc6 Kc8 70. b7+ Kb8 71. c4 Ka7 72. Kc7 Ka6 73. b8=Q Ka5 74. Qb5# 1-0

[Event "Junior Online 4NCL Division 4"]
[Site "online"]
[Date "2021.10.14"]
[EventDate "2021.10.14"]
[Round "5.92"]
[White "Tengayev, Arman"]
[WhiteElo "1314"]
[WhiteTeam "Desert Penguins Jupiter"]
[Black "Pahwa, Aarav"]
[BlackElo "1200"]
[BlackTeam "Crowthorne Juniors"]
[Result "1-0"]
[PlyCount "57"]

1. d4 d5 2. c4 c6 3. Nf3 Nf6 4. Bf4 Bg4 5. e3 Bxf3 6. Qxf3 e6 7. Nc3 b5 8. cxd5 cxd5 9. Bxb5+ Nfd7 10. O-O Qa5 11. a3 f5 12. Qg3 Be7 13. Bxb8 Qb6 14. Be5 O-O-O 15. Bxd7+ Rxd7 16. Rab1 Rg8 17. Rfc1 Kd8 18. Na4 Qa5 19. Nc5 Bxc5 20. Rxc5 Qb6 21. b4 a5 22. h3 axb4 23. axb4 Qa6 24. Ra5 Qd3 25. Rf1 Rc7 26. Bxc7+ Ke8 27. Qd6 Kf7 28. Qd7+ Kf8 29. Ra8# 1-0